Elektronické zapojenia pre amatérov 1 /

Na minha lista:
Detalhes bibliográficos
Main Authors: Arendáš, Miroslav (Author), Ručka, Milan (Author)
Formato: Livro
Idioma:eslovaco
Publicado em: Bratislava : Alfa, 1990
Colecção:Edícia pre radioamatérov
Tags: Adicionar Tag
Sem tags, seja o primeiro a adicionar uma tag!

MARC

LEADER 00000nam a22000003a 4500
001 stu213
005 20150617225622.3
008 920630s1990----cs------------------slo-d
020 |a 80-05-00779-5 
040 |a STU  |b slo 
041 0 |a slo 
044 |a cs 
080 |a 621.372.049 
100 1 |a Arendáš, Miroslav  |4 aut 
245 1 |a Elektronické zapojenia pre amatérov 1 /  |c [aut.] Arendáš,Miroslav; Ručka,Milan 
260 |a Bratislava :  |b Alfa,  |c 1990 
300 |a 262 s 
700 1 |a Ručka, Milan  |4 aut 
830 0 |a Edícia pre radioamatérov 
996 |b 284EK04229  |c E*76654  |l EE01  |s A  |a 24  |w stu213_0001